000 01640cab a2200373 4500
001 ABS53244
008 090401t1995 xxu||||| |||| 00| 0 eng d
035 _a(Sirsi) u2902
041 _aeng
100 _aLavers, A.
245 _aUse of collateral warranties in development finance: chimera not panacea - part 2
260 _c1995
350 _a0
490 _aProperty Review
_v5(6) July/August 1995, 174-178(5)
520 _aTopics covered in this part are assignment of rights under warranties in connection with the disposal of property, the extent of the warranty`s cover beyond reasonable care and skill particularly with regard to contaminated land and the maintenance of the warrantor`s insurance. Endorses the Latham recommendation for a building defects insurance system. (For Part 1 see Abs53057)
650 _aBUILD
650 _aBUILDING USERS INSURANCE AGAINST LATENT DEFECTS
650 _aCEMENTATION PILING AND FOUNDATION LTD
650 _aBUILT ENVIRONMENT-BUILDING CONTRACT FORMS-CONSTRUCTION COLLATERAL WARRANTY FORMS
650 _aDEVELOPMENT FINANCE
650 _aECONOMIC LOSS
650 _aENFORCEMENT
650 _aGREATER NOTTINGHAMSHIRE CO-OPERATIVE SOCIETY LTD V CEMENTATION
650 _aHILL SAMUEL BANK LTD V LISTER DREW HAINES BARROW LTD
650 _aLATHAM REFORMS
650 _aLIABILITY
650 _aLINDEN GARDENS TRUST LTD V LENESTA SLUDGE DISPOSALS LTD
650 _aST MARTINS PROPERTY CORPORATION LTD V SIR ROBERT MCALPINE AND SONS LTD
690 _aDEVELOPMENT
690 _aFINANCE AND INVESTMENT
700 _aKeeping, M.
942 _n0
948 _c04/03/1997
999 _c1747
_d1747